Vstup ČR do eurozóny, ERM II a kurzové konvergenční kritérium

Na minha lista:
Detalhes bibliográficos
Autor principal: Helísek, Mojmír
Autor Corporativo: University of finance and Administration/Vysoká škola finanční a správní
Formato: Livro
Idioma:tcheco
Publicado em: Praha Vysoká škola finanční a správní, o.p.s. 2007
Assuntos:
Tags: Adicionar Tag
Sem tags, seja o primeiro a adicionar uma tag!

MARC

LEADER 00000nam$a2200000$$$4500
001 0087635
005 20240315114751.1
020 |a 978-80-7408-000-5 
041 0 |a cze 
044 |a CZ 
245 1 0 |a Vstup ČR do eurozóny, ERM II a kurzové konvergenční kritérium  |c Mojmír Helísek a kol. 
264 1 |a Praha  |b Vysoká škola finanční a správní, o.p.s.  |c 2007 
300 |a 172 s. 
610 2 0 |a integrácia ekonomická medzinárodná 
610 2 0 |a integrácia menová 
610 2 0 |a porovnanie medzinárodné 
610 2 0 |a eurozóna 
610 2 0 |a euro 
610 2 0 |a kurz menový 
610 2 0 |a parita 
610 2 0 |a kríza menová 
610 2 0 |a riziko 
610 2 0 |a systém menový medzinárodný 
610 2 0 |a modely 
610 2 0 |a úroveň rozvoja hospodárskeho 
610 2 0 |a cykly hospodárske 
610 2 0 |a obchod zahraničný 
610 2 0 |a konvergencia 
610 2 0 |a dohody medzinárodné 
610 2 0 |a Česko 
610 2 0 |a východná Európa 
610 2 0 |a stredná Európa 
610 2 0 |a Európska únia 
100 1 |a Helísek, Mojmír 
710 2 |a University of finance and Administration/Vysoká škola finanční a správní